000 00288nam a22001337a 4500
008 180308b xxu||||| |||| 00| 0 eng d
020 _a9780465097234
041 _aeng
080 _a316
100 _a50
101 _aSOC
245 _aMarital Separation
_cWeiss, R.S
942 _2udc
_cBK
999 _c44415
_d44415